Statistics for Nitrogenous Bases

Click here to take the quiz!

General Stats

  • This quiz has been taken 16 times
  • The average score is 5 of 5

Answer Stats

HintBase% Correct
TPyrimidineThymine
100%
GPurineGuanine
93%
UPyrimidineUracil
93%
APurineAdenine
87%
CPyrimidineCytosine
87%

Score Distribution

Percentile by Number Answered

Percent of People with Each Score

Your Score History

You have not taken this quiz